LDR 00986naa#a2200181#i#450# 001 RU\\bibl\19758 005 20260603010012.3 100 ## _a20260601b2026####ek#y0rusy0150####ca 102 ## _aRU 200 1# _aПРОЕКТИРОВАНИЕ САНИТАРНО-ОЗДОРОВИТЕЛЬНЫХ МЕРОПРИЯТИЙ НА ТЕРРИТОРИИ ШЕБЕКИНСКОГО ЛЕСНИЧЕСТВА БЕЛГОРОДСКОЙ ОБЛАСТИ _eСтатья/тезисы конференции 210 1# _aВоронеж _cВоронежский государственный лесотехнический университет имени Г.Ф. Морозова _d2026 215 ## _a4 с. 608 ## _aСтатья/тезисы конференции _2local 675 ## _aЛесное хозяйство. Лесоводство. 630 _z 700 #1 _aКосарева _gИрина Викторовна 700 #1 _aКорнев _gИван Иванович 700 #1 _aКудрявцева _gЕ. В. 856 4# _abibl.vgltu.ru _u